000 01023nam a22002777a 4500
001 000691
003 DO-SdBNP
005 20240627105020.0
007 000691
008 151217b2008 sp c 00| 0 spa d
020 _a8467422823 (obra completa)
040 _aBPMSU
_bspa
_cBPMSU
082 4 _a591.7
_bM311m 2008
_222
245 0 3 _aEl maravilloso mundo de los animales
260 _aBarcelona :
_bPlaneta Deagostini,
_c2008
300 _avs. :
_bils.
_c30 cm.
505 0 _av. 1 : Los leones -- v. 2 : Los osos -- v. 3 : Los elefantes -- v. 4 : Los chimpancés -- v. 5 : Los tigres -- v. 6 : Los pingüinos -- v. 7: Los lobos -- v. 8 : Las o focas -- v. 9 : Los leopardos -- v. 10: Los delfines.
590 _aInventariado, 2024/VM
650 4 _aAnimales
_xClasificación
650 4 _aAnimales
_xEnseñanza elemental
650 4 _aAnimales
_xFisiología
650 4 _aAnimales
_xHábitos y conducta
710 2 _a Disney Enterprises.
910 _aVMateo V. Control de calidad. BPMSU
942 _2ddc
_cBK
999 _c14692
_d14692